| 000 | 00477nam a2200157Ia 4500 | ||
|---|---|---|---|
| 008 | 240729s9999 xx 000 0 und d | ||
| 022 | _a2395-2407 | ||
| 245 | 0 | _aBengal Journal of Otolaryngology and Head Neck Surgery | |
| 260 | _aIndia | ||
| 260 | _bThe Association of Otolaryngologists of India, West Bengal | ||
| 650 | _a Otorhinolaryngology | ||
| 650 | _aMedicine | ||
| 856 | _uhttps://doaj.org/toc/55d60dad3e2d4e87b03eb72d00835de7 | ||
| 942 | _2ddc | ||
| 942 | _cDOAJEJ | ||
| 999 |
_c73539 _d73539 |
||
| 945 |
_a1 _bMadushi Gamage _c1 _dMadushi Gamage |
||